[Repartició de la contribució territorial entre les províncies espanyoles, realitzada per la Direcció General de Contribucions. Sigant per Francisco Javier Pinilla]
Descripción Física:
[4] p. ; 31 cm
Materias:
Impostos -- Espanya
MARC
| LEADER | 00000nam a2200000Ia 4500 | ||
|---|---|---|---|
| 001 | 23571 | ||
| 008 | 160829s1822 xx 000 0 cat d | ||
| 080 | |a RF-17-36 | ||
| 245 | |a [Repartició de la contribució territorial entre les províncies espanyoles, realitzada per la Direcció General de Contribucions. Sigant per Francisco Javier Pinilla] | ||
| 260 | |a Madrid : |b Gobernación de la Península. Sección de Fomento, |c 1822 | ||
| 300 | |a [4] p. ; |c 31 cm | ||
| 590 | |a Prové de 47. | ||
| 650 | |a Impostos |x Espanya |9 25281 | ||
| 856 | 4 | |u https://media.diba.cat/diba/fitxers/arxiu/fulletons/bib_23571_1822_baixa.pdf |y Accés lliure | |
| 856 | 4 | |u https://media.diba.cat/diba/fitxers/arxiu/fulletons/bib_23571_1822_baixa.pdf |y Accés lliure | |
| 901 | |a Arxiu | ||
| 942 | |n 1 |2 udc | ||
| 952 | |0 0 |1 0 |4 0 |6 RF1736 |7 1 |9 55018 |a Arxiu |b Arxiu |d 2012-08-09 |l 0 |o RF-17-36 |p 23571 |r 2016-12-01 00:00:00 |w 2016-12-01 |y ARXIU | ||
| 999 | |c 58888 |d 58888 | ||
| 900 | |a bib_23571_1822_baixa.pdf | ||